000 01040cab a2200301 4500
001 WB3107-40
008 090401t1995 xxu||||| |||| 00| 0 eng d
035 _a(Sirsi) u3429
041 _aeng
245 _aProperty Misdescriptions case
260 _c1995
350 _a0
490 _aEstate Agency News
_v(101) February 1995, 4 & 12(3)
520 _aDiscusses the acquittal of estate agents, who provided incorrect room sizes in house particulars but were found to have put in place adequate procedures to comply with the Property Misdescriptions Act 1991.
650 _aARUN ESTATES
650 _aCOMPLIANCE
650 _aDUE DILIGENCE
650 _aMEASUREMENTS
650 _aPROPERTY MISDESCRIPTIONS ACT 1991 S1
650 _aPROPERTY MISDESCRIPTIONS ACT 1991
650 _aTESCO V NATTRASS
650 _aTYPOGRAPHICAL ERROR
650 _aWEST SUSSEX TRADING STANDARDS DEPARTMENT
650 _aWYATT & SONS
690 _aMANAGEMENT-BUSINESS MANAGEMENT-PROFESSIONAL PRACTICE
942 _n0
948 _c04/03/1997
999 _c2106
_d2106